00259nam a2200109Ia 4500008004100000100002600041245003400067250000800101260002400109300000800133650000800141191201s2011 xx 000 0 und d aTRIPATHY,Nalini Prava 0aInsurance Theory and Practice a5th aN. DelhibPHIc2011 a236 aMBA